00370nam a2200145Ia 4500008004100000020001500041041001200056082001600068100002700084245005600111250000800167260002500175300000800200650001600208221030s9999 xx 000 0 und d a8120311655 aEnglish a105.23bTan aA. S. Tanenbaum ( PR ) 0aComputer Networks ( PR )cby A. S. Tanenbaum ( PR ) a3rd bPHIaNew Delhic2001 a813 aBE Computer